Campaign of the Fourteenth Army, 1943/44-1944/45 (Record no. 551799)
[ view plain ]
| 000 -LEADER | |
|---|---|
| fixed length control field | 00570cam a22001691 4500 |
| 082 ## - DEWEY DECIMAL CLASSIFICATION NUMBER | |
| Classification number | 940.54 |
| Author Mark | CAM |
| 110 1# - MAIN ENTRY--CORPORATE NAME | |
| Corporate name or jurisdiction name as entry element | Great Britain. |
| 9 (RLIN) | 39715 |
| 245 10 - TITLE STATEMENT | |
| Title | Campaign of the Fourteenth Army, 1943/44-1944/45 |
| 260 ## - PUBLICATION, DISTRIBUTION, ETC. | |
| Place of publication, distribution, etc. | [S.l. : |
| Name of publisher, distributor, etc. | s.n.], |
| Date of publication, distribution, etc. | 1945-46. |
| 300 ## - PHYSICAL DESCRIPTION | |
| Extent | 2 v. : |
| Other physical details | maps (some folded) ; |
| Dimensions | 22 cm. |
| 500 ## - GENERAL NOTE | |
| General note | Master microform held by: DLC. |
| 526 ## - STUDY PROGRAM INFORMATION NOTE | |
| Program name | 0 |
| Interest level | 0 |
| Reading level | 0 |
| Title point value | 940_540000000000000_CAM |
| 526 ## - STUDY PROGRAM INFORMATION NOTE | |
| Program name | 0 |
| Interest level | 0 |
| Reading level | 0 |
| Title point value | 940_540000000000000_CAM |
| 650 #0 - SUBJECT ADDED ENTRY--TOPICAL TERM | |
| Topical term or geographic name entry element | MCE |
| 9 (RLIN) | 379 |
| 650 #0 - SUBJECT ADDED ENTRY--TOPICAL TERM | |
| Topical term or geographic name entry element | World War, 1939-1945 |
| General subdivision | Regimental histories |
| Geographic subdivision | Great Britain |
| General subdivision | Army, XIV. |
| 9 (RLIN) | 48945 |
| 942 ## - ADDED ENTRY ELEMENTS (KOHA) | |
| Source of classification or shelving scheme | |
| Koha item type | Book |
| Withdrawn status | Lost status | Source of classification or shelving scheme | Damaged status | Not for loan | Permanent Location | Current Location | Date acquired | Total Checkouts | Full call number | Barcode | Date last seen | Price effective from | Koha item type |
|---|---|---|---|---|---|---|---|---|---|---|---|---|---|
| Military College of Engineering (MCE) | Military College of Engineering (MCE) | 12/29/2014 | 940.54 CAM | MCE-2351 | 12/29/2014 | 12/29/2014 | Book | ||||||
| Military College of Engineering (MCE) | Military College of Engineering (MCE) | 12/29/2014 | 940.54 CAM | MCE-33473 | 12/29/2014 | 12/29/2014 | Book |
